|
|
|
|
| LEADER |
00590nam a22001697a 4500 |
| 008 |
170306b xxu||||| |||| 00| 0 eng d |
| 999 |
|
|
|c 16774
|d 16774
|
| 020 |
|
|
|a 9788184576689
|
| 082 |
|
|
|a 780.954
|b SEN
|
| 100 |
|
|
|a Sendh, Rajesh
|
| 245 |
|
|
|a Odissi :
|b the third classical form of Indian music /
|c Rajesh Sendh
|
| 250 |
|
|
|a 1st ed.
|
| 260 |
|
|
|a New Delhi :
|b Kanishka Publishers,
|c 2015.
|
| 300 |
|
|
|a 174p.
|
| 650 |
|
|
|a Music
|
| 942 |
|
|
|2 ddc
|c BK
|
| 952 |
|
|
|0 0
|1 0
|2 ddc
|4 0
|6 780_954000000000000_SEN
|7 0
|9 23507
|a MAIN
|b MAIN
|d 2017-03-06
|e Pai Brothers
|g 600.00
|o 780.954 SEN
|p 22610
|r 2017-03-06
|t 1
|w 2017-03-06
|y BK
|